000 00449nam a2200181Ia 4500
001 22282
005 20260414150821.0
008 260414t2008||||xx |||||||||||||| ||spa||
041 _aESP
082 _a621.31
_bB84
100 _aBrokering Christie, Walter
_eAUT
245 0 _aLos sistemas eléctricos de potencia
_b
260 _c2008
300 _axxix, 472 páginas :
_c27 cm.
650 _aTCA
654 _aCET
942 _cLIB
_dJUS
_fJUS
_2ddc
_n
999 _c22282
_d22282